Statistics for Cars owned by Andrew Tate

Click here to take the quiz!

General Stats

  • This quiz has been taken 188 times
  • The average score is 3 of 5

Answer Stats

Answer% Correct
Bugatti Chiron
98%
Ferrari 812
73%
Lamborghini Huracan
70%
McLaren
54%
Mercedes-AMG
41%

Score Distribution

Percentile by Number Answered

Percent of People with Each Score

Your Score History

You have not taken this quiz